<?xml version="1.0" encoding="UTF-8"?>
<collection xmlns="http://www.loc.gov/MARC21/slim">
  <record>
    <leader>00000nam  2200000   4500</leader>
    <controlfield tag="001">INLIS000000000001411</controlfield>
    <controlfield tag="005">20190531125600</controlfield>
    <datafield tag="035" ind1="#" ind2="#">
      <subfield code="a">0010-0718001411</subfield>
    </datafield>
    <controlfield tag="008">190531################g##########0#ind##</controlfield>
    <datafield tag="020" ind1="#" ind2="#">
      <subfield code="a">9786023180059</subfield>
    </datafield>
    <datafield tag="041" ind1=" " ind2=" ">
      <subfield code="a">id</subfield>
    </datafield>
    <datafield tag="082" ind1="#" ind2="#">
      <subfield code="a">658.401.</subfield>
    </datafield>
    <datafield tag="090" ind1=" " ind2=" ">
      <subfield code="a">658.401.Sal.m</subfield>
    </datafield>
    <datafield tag="100" ind1=" " ind2="#">
      <subfield code="a">Saludin</subfield>
    </datafield>
    <datafield tag="245" ind1="1" ind2="#">
      <subfield code="a">Mengapa Orang Pandai Tidak Berhasil Memimpin Perusahaan /</subfield>
      <subfield code="c">Saludin</subfield>
    </datafield>
    <datafield tag="260" ind1="#" ind2="#">
      <subfield code="a">Jakarta :</subfield>
      <subfield code="b">Mitra Wcana Media,</subfield>
      <subfield code="c">2014</subfield>
    </datafield>
    <datafield tag="650" ind1=" " ind2="#">
      <subfield code="a">Memimpin</subfield>
    </datafield>
    <datafield tag="084" ind1="#" ind2="#">
      <subfield code="a">658.401. Sal m</subfield>
    </datafield>
    <datafield tag="250" ind1="#" ind2="#">
      <subfield code="a">ed.1</subfield>
    </datafield>
    <datafield tag="300" ind1="#" ind2="#">
      <subfield code="a">viii, 356 hlm. :</subfield>
      <subfield code="b">ilus ;</subfield>
      <subfield code="c">24 cm</subfield>
    </datafield>
    <datafield tag="856" ind1="#" ind2="#">
      <subfield code="a">Perpustakaan Lembaga Administrasi Negara</subfield>
    </datafield>
    <datafield tag="520" ind1="#" ind2="#">
      <subfield code="a">Jika ditanya kenapa orang pandai gagal memimpin perusahaan (manufacturing), jawabannya bisa 1001 macam dan semua benar adanya karena dalam berbagai kondisi yang ebrbeda memunculkan jawaban berbeda pula, namun diantara semua jawaban yang benar, terdapat beberapa jawaban yang berlaku umum dalam kondisi apapun. Pencarian atas jawaban umum, dapat kita telusuri dari beberapa faktor hasil penelitian Jason Jennings yang dituangkan dalam buku thing big act small, yang meneliti perusahaan -perusahaan di Amerika yang konsisten pertumbuhan pendapatan dan keuntungan dalam jangka waktu panjang. Disamping itu salah satu faktor pendukung yang menentukan kesuksesan perusahaan berupa alat manajemen yang dipakai perusahaan dapat ditemui dalam "Power Tools, A Leader's Guide To The Latest Management Thinking" yang dikarang oleh John Nirenberg, maupun berbagai sumber buku lainnya, serta pengalaman-pengalaman pribadi penulis selama 25 tahun lebih berkarir di perusahaan-perusahaan produksi dimana 25 tahun lebih diantaranya bergabung dengan perusahaan asing berskala internasional, bahkan menjadi pemain utama kelas dunia. Jawaban atas kenapa orang pandai tidak berhasil memimpin perusahaan yang diberikan dalam buku ini, dapat menjadi bahan renungan bermanfaat dan referensi bagi para eksekutif dan calon-calon pemimpin perusahaan.</subfield>
    </datafield>
    <datafield tag="990" ind1="#" ind2="#">
      <subfield code="a">18351</subfield>
    </datafield>
    <datafield tag="990" ind1="#" ind2="#">
      <subfield code="a">18350</subfield>
    </datafield>
    <datafield tag="990" ind1="#" ind2="#">
      <subfield code="a">160518350</subfield>
    </datafield>
    <datafield tag="990" ind1="#" ind2="#">
      <subfield code="a">18351</subfield>
    </datafield>
    <datafield tag="990" ind1="#" ind2="#">
      <subfield code="a">160518351</subfield>
    </datafield>
    <datafield tag="990" ind1="#" ind2="#">
      <subfield code="a">160518350</subfield>
    </datafield>
  </record>
</collection>
